[Event "4th Memorial Warakomska-A 2020"]
[Site "Suwalki"]
[Date "2020.08.13"]
[Round "9.14"]
[White "Korbal, Arkadiusz"]
[Black "Flis, Pawel"]
[Result "1-0"]
[WhiteElo "2113"]
[BlackElo "1873"]
[Annotator "TA"]
[PlyCount "125"]
[EventDate "2020.08.06"]
[EventType "swiss"]
[EventCountry "POL"]
[SourceTitle "playchess.com"]
[Source "ChessBase"]
[SourceQuality "1"]

{[%evp 16,125,50,37,35,37,32,35,47,58,53,14,12,14,10,19,33,22,55,22,12,-1,0,0,0,0,0,0,-19,-3,-12,-10,0,0,0,-6,-13,-42,-28,-29,-16,-29,0,0,62,49,67,33,192,193,305,307,540,535,514,485,614,616,613,612,585,585,688,679,858,785,776,725,925,716,1021,1000,1917,1714,822,655,615,85,85,85,114,114,114,114,114,106,110,91,29958,29959,29972,29977,29976,29978,29978,29979,29979,29980,29980,29980,29980,29981,29983,29984,29983,29984,29985,29986,29986,29987,29987,29988]} 1. d4 Nf6 2. c4 c5 3. d5 b5 4. Nf3 g6 5. Qc2 bxc4 6. e4 d6 7. Bxc4 Bg7 8. O-O O-O 9. Re1 Nbd7 {A57: Benko/Volga Gambit.} 10. h3 Nb6 11. Bf1 Ne8 {White is slightly better.} 12. Nc3 Nc7 {[#]} 13. a4 $146 ({Predecessor:} 13. Bg5 h6 14. Bf4 f5 15. e5 Bb7 16. Rad1 Kh7 17. Bh2 Nbxd5 18. Nxd5 Bxd5 19. Nd2 {0-1 (33) Basso,P (2428)-Rambaldi,F (2547) Douglas 2015}) 13... Ba6 14. Nb5 Bxb5 15. axb5 Qd7 16. Ra5 Rfb8 17. Re3 Nc8 18. Qc4 Rb7 19. b4 Nb6 20. Qb3 c4 21. Bxc4 Nxc4 22. Qxc4 Nxb5 23. Ra6 Rb6 24. Rxb6 axb6 25. Re1 Rc8 26. Qa2 Nc3 27. Qa6 $1 {[#]} Nxe4 $1 {[%mdl 512] White should prevent ...Nf6.} 28. Bf4 $1 (28. Rxe4 Rxc1+) 28... Nf6 {[#]} 29. Rxe7 $1 {[%mdl 512]} Qxe7 ({Black should play} 29... Qf5 $11) 30. Qxc8+ $14 Bf8 $1 31. Bg5 Qe8 $2 (31... h6 $14 32. Bxh6 Qe8 33. Qxe8 Nxe8) 32. Qc6 $18 Qxc6 (32... Nd7 {might work better.} 33. Be3 Qd8) 33. dxc6 {[%mdl 4096] Endgame KBN-KBN} Nd5 $2 (33... Ne8 {was called for.} 34. Nd4 (34. Bd8 d5 $18) 34... d5) 34. Bd8 b5 {If Black can now play ...Bg7 this consolidates a bit.} 35. Nd4 Be7 36. c7 Nxc7 37. Bxc7 d5 38. Ba5 Bf6 39. Nxb5 d4 40. Kf1 d3 41. Ke1 Bg5 42. Nc3 {And now Nd5 would win.} f5 43. b5 d2+ 44. Kd1 Kf7 45. Nd5 Ke6 46. b6 $2 (46. Nb4 $18 {has better winning chances.}) 46... Kxd5 $16 47. Bxd2 {Black must now prevent b7. KB-KB} Be7 48. Ke2 {Threatens to win with b7.} Kc6 49. Be3 Bd6 50. Kd3 Kd5 51. g3 Bb8 $2 {[%mdl 8192]} (51... Kc6 $16) 52. Bf4 {White mates.} Bxf4 53. gxf4 {KP-KP} Kc6 54. Kd4 Kxb6 {K3P-K3P} 55. Ke5 Kc5 56. Kf6 Kd6 57. Kg7 Ke7 58. Kxh7 Kf7 59. h4 Kf6 60. Kg8 g5 61. hxg5+ Kg6 62. Kf8 Kh5 63. Kf7 {Accuracy: White = 82%, Black = 57%.} 1-0

[Event "4th Memorial Warakomska-A 2020"]
[Site "Suwalki"]
[Date "2020.08.13"]
[Round "9.15"]
[White "Choroszej, Aleksander"]
[Black "Strzelecki, Jerzy"]
[Result "1/2-1/2"]
[WhiteElo "2059"]
[BlackElo "1977"]
[Annotator "TA"]
[PlyCount "22"]
[EventDate "2020.08.06"]
[EventType "swiss"]
[EventCountry "POL"]
[SourceTitle "playchess.com"]
[Source "ChessBase"]
[SourceQuality "1"]

{[%evp 19,22,43,43,11,41]} 1. d4 Nf6 2. c4 g6 3. Nc3 d5 4. cxd5 Nxd5 5. e4 Nxc3 6. bxc3 Bg7 7. Nf3 c5 8. Rb1 O-O 9. Be2 b6 10. O-O Qc7 11. Bb2 {[#] D85: Exchange Grünfeld: Unusual White 7th moves and lines with 7 Nf3.} Nc6 $146 ({Predecessor:} 11... c4 12. Nd2 b5 13. f4 Nd7 14. Bc1 Rb8 15. Qe1 Qa5 16. Nf3 Qxa2 17. Bd2 {½-½ (17) Pinto,C (2139)-Barbosa,E (1961) Joao Pessoa 2019}) 1/2-1/2

[Event "4th Memorial Warakomska-A 2020"]
[Site "Suwalki"]
[Date "2020.08.13"]
[Round "9.16"]
[White "Marczukiewicz, Jerzy"]
[Black "Sobocinski, Slawomir"]
[Result "1/2-1/2"]
[WhiteElo "1912"]
[BlackElo "1914"]
[Annotator "TA"]
[PlyCount "24"]
[EventDate "2020.08.06"]
[EventType "swiss"]
[EventCountry "POL"]
[SourceTitle "playchess.com"]
[Source "ChessBase"]
[SourceQuality "1"]

{[%evp 10,24,25,-2,44,-16,24,-6,-10,-34,-38,-37,-21,-43,-48,-50,-41]} 1. Nf3 c5 2. c4 Nf6 3. g3 d5 4. Bg2 Nc6 5. cxd5 Nxd5 6. d4 Nc7 {[%cal Rc5d4] A30: Symmetrical English: Double Fianchetto and Hedgehog.} 7. dxc5 (7. Be3 $14) 7... Qxd1+ $11 8. Kxd1 e5 {The position is equal.} 9. Be3 Nd5 {[%mdl 1024] Black has compensation.} 10. Bd2 {[#]} e4 $146 ({Predecessor:} 10... Bxc5 11. Ng5 Nf6 12. Nc3 O-O 13. Ke1 Rd8 14. Rf1 Bf5 15. Rc1 Nd4 16. Nge4 Nxe4 17. Nxe4 {0-1 (51) Roeder,M (2476)-Michiels,B (2254) Belgium 2003}) 11. Ne1 f5 12. Nc3 Be6 {White got outplayed after the opening} 1/2-1/2